000 00239nam a2200097Ia 4500
001 1212313
005 20250827024452.0
008 250824s9999 xx 000 0 und d
245 0 _aSARI GELİN
_cORHAN YENİARAS
260 _bPANAMA YAYINLARI
999 _c1212313
_d1212313